[Event "WchT 12th"]
[Site "Astana"]
[Date "2019.03.06"]
[Round "2.5"]
[White "Adhiban, Baskaran"]
[Black "Maghsoodloo, Parham"]
[Result "1-0"]
[WhiteElo "2683"]
[BlackElo "2673"]
[Annotator "Adhiban,B"]
[PlyCount "61"]
[EventDate "2019.03.05"]
[EventType "team-tourn"]
[EventRounds "9"]
[EventCountry "KAZ"]
[SourceTitle "CBM 189"]
[Source "ChessBase"]
[SourceDate "2019.04.29"]
[SourceVersion "1"]
[SourceVersionDate "2019.04.29"]
[SourceQuality "1"]
[WhiteTeam "India"]
[BlackTeam "Iran"]
[WhiteTeamCountry "IND"]
[BlackTeamCountry "IRI"]

{[%evp 0,15,19,38,40,6,20,22,15,-5,48,23,24,22,49,0,19,32]} {Our team got
double White in the first two matches which was lucky for me and I was looking
forward to this game as I liked Parham's uncompromising style.} 1. e4 c5 {
I didn't really prepare for this much and hence decided to bail out with} 2. c3
$5 {One of the boring lines ever to be invented...} e6 {He had played this
once before in the only ever game where he faced Alapin.} 3. Nf3 {I gave one
last chance to Parham to transpose with ...Nf6!} Nc6 4. d4 d5 5. exd5 {Again
this was the very last time I was indirectly requesting to transpose back to
Alapin.} exd5 {As Naka would say "It is what it is!"} 6. Bb5 {Now we are in
some French Tarrasch type structures.} Bd6 7. dxc5 Bxc5 8. O-O Nge7 9. Nbd2 O-O
(9... a6 $5 10. Nb3 (10. Be2 O-O 11. Nb3 Bb6 {But now I wasn't sure how to
prepare Be3.}) 10... Bxf2+ 11. Rxf2 axb5 12. Qd3 {with an interesting
middlegame.}) 10. Nb3 Bd6 ({A different tact would be} 10... Bb6 {Here White
can continue with} 11. Re1 {[%cal Rc1e3] followed by Be3 and a top level clash
continued} Bg4 (11... Ng6) 12. Be3 Bxe3 13. Rxe3 Nf5 14. Re1 Nh4 15. Be2 Re8
16. Nxh4 Bxe2 17. Rxe2 Qxh4 18. Rd2 {White was clearly in the drivers seat in
Vitiugov-Rapport Prague CZE 2019, which also sealed the tournament victory.})
11. Bg5 Qc7 12. Re1 h6 ({AFter} 12... Bg4 {I intended to continue with} 13. h3
Bh5 14. Be2 {followed by Nh4 or Nd4 depending on the situation.} ({Another
option was} 14. Bxe7 Nxe7 15. Be2 {playing for light square domination and
pressure against d5-pawn where the d6-bishop would feel out of place...})) 13.
Bh4 Nf5 (13... Bg4 14. h3 Bh5 15. Bxe7 Nxe7 16. Be2 {followed by Nd4-b5 idea.}
a6 17. Nh4 $1 {and White will be better after the exchange of the bishops.})
14. Bg3 Nxg3 15. hxg3 {A nice transformation and also now Black is clearly
behind in development.} Ne7 (15... Bg4 16. Qxd5 {is just an extra pawn.}) 16.
Nfd4 g6 ({Possibly Black's best bet was} 16... a6 17. Bd3 (17. Be2 Bd7 18. Bf3
Rad8) 17... g6 {with a better version of the game.} (17... Bd7 18. Qh5 $1 {
followed by g4-g5.})) 17. Qd2 Kg7 18. c4 $5 {I was quite happy to play the
manoeuvring game but...at the same time I wanted to exploit my lead in
development hence decided to open up the position!} dxc4 ({Possibly Black's
best chance was} 18... a6 $1 19. c5 (19. Qc3 Kh7 20. c5 Be5 {also looks nice
for Black.}) 19... Be5 {I have to be careful not to be worse.}) 19. Rac1 {
Bring all your pieces to the party!} c3 (19... Qb6 20. Na5 $1 {was my main
point as I felt the knight on b3 was possibly the only inactive piece though
it was doing a reasonable job restricting the d6-B.} Bc5 21. Nxc4 (21. Rxc4 {
was interesting.} Rd8 22. Nab3 Bxd4 23. Rxd4 Rxd4 24. Qxd4+ Qxd4 25. Nxd4 Nf5
$1 26. Nxf5+ Bxf5 27. Re7 {keeps the pressure.}) 21... Qd8 22. Nb3 Qxd2 23.
Ncxd2 Bb4 24. a3 Bxd2 25. Nxd2 {with the better endgame.} Nd5 26. Nb3) 20. Rxc3
Qb6 21. Rd3 $5 a6 {A huge error missing my next move...} (21... Bf5 $1 {
was my mainline.} 22. Nxf5+ (22. Rxe7 $5 Bxe7 23. Nxf5+ gxf5 24. Nd4 {was
quite tempting but it was quite complex at the same time.} (24. Bd7 Bg5 $1)
24... Bg5 $1 {as my coordination is bit off.}) 22... Nxf5 23. a4 (23. g4 Qxb5
24. gxf5 Bb4 {and I didn't see a good follow-up.}) 23... h5 $1 {[%csl Gf5]
Nice geometry, I felt Black was probably doing fine here.} (23... a6 24. g4 $1
{now works.} axb5 25. gxf5 bxa4 26. f6+ $1 {mating.})) 22. Nc2 $1 Bb8 (22...
Qxb5 23. Rxd6 {is also bad.}) (22... Nf5 23. g4 $16) 23. Rxe7 {At first I
wasn't happy to allow the rook to get back into the game but then saw that the
idea of Ne3-d5 was very strong.} ({An alternative was} 23. Bc4 Nf5 24. g4 Nd6
25. Qc3+ {with attack.}) 23... axb5 24. Ne3 Rxa2 (24... b4 25. Nd5 Qb5 26. Qe3
{[%cal Ge3d4,Ge3e5]}) (24... Ba7 25. Rd6 {would be a funny puzzle rush problem.
}) 25. Nd5 Qc6 26. Rc3 Qd6 27. Qd4+ Kh7 28. Nf6+ Kh8 29. Rxf7 {This looked
cleanest.} (29. Rxc8 {was my other idea.} Qxe7 30. Nd5+ {also winning.} Be5 (
30... Qe5 31. Rxb8 $1 (31. Rxf8+ Kh7)) 31. Nxe7 Bxd4 32. Rxf8+ Kg7 33. Rg8+ Kf6
34. Nxd4) 29... Rxf7 30. Rxc8+ Rf8 31. Nd7+ {Generally a blow at the top is
enough for match victory but it wasn't one of those days...} 1-0

[Event "RUS-Cup01 Chigorin Memorial"]
[Site "St Petersburg"]
[Date "1997.11.03"]
[Round "3"]
[White "Totsky, Leonid"]
[Black "Eingorn, Vereslav S"]
[Result "1-0"]
[WhiteElo "2485"]
[BlackElo "2590"]
[Annotator "Baburin,A"]
[PlyCount "93"]
[EventDate "1997.11.01"]
[EventType "swiss"]
[EventRounds "9"]
[EventCountry "RUS"]
[SourceTitle "CBM 062"]
[Source "ChessBase"]
[SourceDate "1998.01.31"]
[SourceVersion "1"]
[SourceVersionDate "1998.01.31"]
[SourceQuality "1"]

1. e4 c5 2. Nf3 e6 3. c3 Nc6 4. d4 d5 5. exd5 exd5 6. Bb5 Bd6 7. dxc5 Bxc5 8.
O-O Nge7 9. Nbd2 O-O 10. Nb3 Bd6 11. Re1 Bg4 12. Be2 Rc8 13. Nfd4 Bd7 14. Nb5
Bb8 15. Nc5 Ne5 16. Nxd7 Qxd7 17. Nd4 N7c6 18. Bf4 Rfe8 19. Bg3 Nxd4 20. Qxd4
Nc6 21. Qd2 Bxg3 22. hxg3 Rcd8 23. Bf3 Ne5 24. Rad1 Nxf3+ 25. gxf3 Qb5 26. b3
h6 27. Kg2 b6 {In this standard position with the isolated d-pawn White has
slightly better chances, for example now he can play 28 Rxe8+ Qxe8 29 Qd4.
However, in the game White chose another way exploit his advantage.} 28. c4
dxc4 29. Qxd8 Rxd8 30. Rxd8+ Kh7 31. bxc4 Qxc4 {Obviously, White anticipated
this position and believed that his chances would be better here. Possessing
the two rooks allows White to attack Black's pawns effectively. It's important
that White's king is very safe here. Perhaps White is better here, although on
move 28 I would probably still prefer to exchange the rooks and attack the
d5-pawn.} 32. a3 Qa4 33. Re3 a5 34. Rb8 Qb5 ({After} 34... b5 35. Re5 Qxa3 36.
Rbxb5 a4 37. Re4 {White would liquidate all pawns on the queenside and then
attack the black pawns on the opposite wing. In positions with the play on one
side of the board, two rooks are stronger than a queen.}) 35. Re7 f5 36. Rbb7
Qb2 37. a4 Qd4 38. Red7 Qb2 39. Rd5 f4 40. g4 Qb4 41. Rdd7 Qb2 42. Rd6 Qb4 43.
Rdxb6 Qxa4 44. Ra6 h5 45. gxh5 Qc4 46. Rxa5 Qe6 47. Rg5 1-0

[Event "Pardubice op"]
[Site "Pardubice"]
[Date "1993.??.??"]
[Round "9"]
[White "Brodsky, Michail"]
[Black "Shtyrenkov, Veniamen"]
[Result "1/2-1/2"]
[WhiteElo "2515"]
[BlackElo "2435"]
[Annotator "Brodsky,M"]
[PlyCount "59"]
[EventDate "1993.07.??"]
[EventType "swiss"]
[EventRounds "9"]
[EventCountry "CZE"]
[SourceTitle "CBM 038"]
[Source "ChessBase"]
[SourceDate "1994.02.01"]
[SourceVersion "1"]
[SourceVersionDate "1994.02.01"]
[SourceQuality "1"]

1. e4 e6 2. d4 d5 3. Nd2 c5 4. exd5 exd5 5. Ngf3 Nc6 6. Bb5 Bd6 7. dxc5 Bxc5 8.
O-O Nge7 9. Nb3 Bb6 10. Be3 Bxe3 11. Bxc6+ bxc6 12. fxe3 O-O $6 (12... Bg4 13.
Qd4 Bxf3 14. Rxf3 O-O 15. e4 dxe4 16. Qxe4 a5 $10) 13. Qd2 (13. Qd4 Nf5 14. Qc5
Qb6 15. Rfe1 Rb8 16. Rab1 Re8 17. Nfd4 Bd7 $10) 13... Qb6 14. Qc3 Rb8 15. Nfd4
(15. Rab1 $5 $14) 15... c5 16. Qxc5 Qxc5 17. Nxc5 Rxb2 18. Rfb1 Rxb1+ 19. Rxb1
g6 (19... Nf5 20. Nxf5 Bxf5 21. Rb7 $14) 20. Kf2 Bf5 21. Rb7 Rc8 22. Nd3 (22.
Rxe7 Rxc5 23. Rxa7 Bxc2 24. a4 Be4 {/\ Rc3-a3-a2<=>}) (22. Na6 $1 Nc6 $1 23.
Nxf5 gxf5 24. Ke2 $14) 22... Kf8 23. Rxa7 (23. Ke2 Be4 $10) 23... Nc6 24. Nxc6
Rxc6 25. Nb4 (25. Rxf7+ Kg8 26. Nb4 Rb6 27. Nxd5 Rd6 28. Rxf5 gxf5 29. Ne7+ Kf7
30. Nxf5 Rd2+ $10) 25... Rc4 26. a3 Bxc2 27. Nxd5 $6 Be4 28. Nb4 Rc3 29. Ra5 $6
f6 30. Ra7 (30. Ra7 h5 31. Rd7 Rxa3 32. Rd2 Ra5 $15) 1/2-1/2

[Event "Prague"]
[Site "Prague"]
[Date "1993.??.??"]
[Round "4"]
[White "Jansa, Vlastimil"]
[Black "Votava, Jan"]
[Result "1-0"]
[WhiteElo "2500"]
[BlackElo "2425"]
[Annotator "Bulletin"]
[PlyCount "63"]
[EventDate "1993.09.??"]
[EventType "tourn"]
[EventRounds "9"]
[EventCountry "CZE"]
[EventCategory "10"]
[SourceTitle "CBM 037"]
[Source "ChessBase"]
[SourceDate "1993.12.01"]
[SourceVersion "1"]
[SourceVersionDate "1993.12.01"]
[SourceQuality "1"]

1. e4 e6 2. d4 d5 3. Nd2 c5 4. Ngf3 Nc6 5. exd5 exd5 6. Bb5 Bd6 7. dxc5 Bxc5 8.
O-O Nge7 9. Nb3 Bb6 10. Re1 O-O 11. Be3 Bg4 12. Bxb6 axb6 13. Be2 Qd6 14. c3
Rfd8 15. Nfd4 Bxe2 16. Rxe2 Ng6 17. Nf5 Qf6 18. Nbd4 Nce5 19. g3 Nc4 20. Qc2
Nge5 21. b3 Na3 $6 22. Qd2 Nc6 23. Rae1 Kh8 24. Qd3 g6 25. Nh6 Nxd4 26. cxd4
Qg7 27. Ng4 h5 28. Ne5 Rac8 29. Nf3 Qf6 30. Kg2 Kg7 31. Re7 Rc2 (31... Rd6 32.
Rxb7 Rc2 33. Ree7 Rxa2 $13) 32. R1e6 (32. R1e6 Qxe6 33. Rxe6 fxe6 34. Ne5 Kf8
35. Qxg6 $18) (32. Rxb7 Rxa2 33. Ree7 Rf8 34. Ra7 Nc2 35. Rxa2 Nb4 $13) 1-0

[Event "Yerevan"]
[Site "Yerevan"]
[Date "1989.??.??"]
[Round "?"]
[White "Ivanchuk, Vassily"]
[Black "Dokhoian, Yury"]
[Result "1-0"]
[WhiteElo "2635"]
[BlackElo "2575"]
[Annotator "Bulletin"]
[PlyCount "61"]
[EventDate "1989.05.??"]
[EventType "tourn"]
[EventRounds "11"]
[EventCountry "URS"]
[EventCategory "12"]
[SourceTitle "CBM 014"]
[Source "ChessBase"]
[SourceDate "1990.02.01"]
[SourceVersion "1"]
[SourceVersionDate "1990.02.01"]
[SourceQuality "1"]

1. e4 e6 2. d4 d5 3. Nd2 c5 4. exd5 exd5 5. Bb5+ Nc6 6. Ngf3 Bd6 7. dxc5 Bxc5
8. O-O Nge7 9. Nb3 Bb6 10. Re1 O-O 11. Be3 Bg4 12. Bxb6 (12. h3 Bxf3 13. Qxf3
Ne5 14. Qh5 N7g6 15. Rad1 a6 16. Bf1 Rc8 17. Bxb6 Qxb6 18. Rxe5 Nxe5 19. Qxe5
Rxc2 20. Rd2 Rxd2 21. Nxd2 Qa5 {Psakhis,L-Lputian,S/Erevan/1988/1/2-1/2/54/ ->
CBM 08}) 12... Qxb6 13. Bxc6 Nxc6 14. Qxd5 Nb4 15. Qe4 Bxf3 16. gxf3 Rad8 $5 (
16... Qg6+ 17. Qxg6 fxg6 18. Re4 Nxc2 19. Rc1 Rac8 20. Re7) 17. Re2 (17. c3 Nd3
) (17. Rad1) 17... Rd6 $5 18. c3 Re6 19. Qc4 Rg6+ 20. Kh1 Qf6 21. f4 (21. Qe4
Nd3 $1) 21... Qh4 22. Nd2 Nc6 $2 (22... Qh3 $1 23. f3 Nc6) 23. f5 $1 Rg4 24.
Qc5 $1 {/\ 25.Rae1, 26.Qxf8} Rd8 25. Rae1 g6 26. Nf3 $1 Qh3 27. Re8+ Rxe8 28.
Rxe8+ Kg7 29. Qf8+ Kf6 30. Qh8+ (30. Re6+ $1 Kxf5 31. Qxf7#) 30... Kxf5 31.
Re5+ 1-0

[Event "Bugojno"]
[Site "Bugojno"]
[Date "1978.02.26"]
[Round "1"]
[White "Balashov, Yuri S"]
[Black "Portisch, Lajos"]
[Result "1/2-1/2"]
[WhiteElo "2590"]
[BlackElo "2630"]
[Annotator "ChessBase"]
[PlyCount "98"]
[EventDate "1978.02.27"]
[EventType "tourn"]
[EventRounds "15"]
[EventCountry "YUG"]
[EventCategory "14"]
[SourceTitle "MCL"]
[Source "ChessBase"]
[SourceDate "1999.07.01"]
[SourceVersion "1"]
[SourceVersionDate "1999.07.01"]
[SourceQuality "1"]

1. e4 e6 2. d4 d5 3. Nd2 c5 4. Ngf3 Nc6 5. exd5 exd5 6. Bb5 Bd6 7. dxc5 Bxc5 8.
Nb3 Bd6 9. O-O Nge7 10. Bg5 (10. Nbd4 O-O 11. c3 Bg4 12. Qa4 Bh5 13. Bd3 h6 14.
Be3 a6 15. Rfe1 Qc7 16. h3 Na5 $1 {Karpov-Korchnoi (10), Moskow cm 1974}) 10...
O-O 11. Re1 (11. Bh4 Bg4 12. Re1 Re8 13. Bg3 Bxg3 14. hxg3 Qb6 15. Bd3 $14 {
Balashov-Uhlmann, Moscow 1971}) (11. Qd2 Qc7 12. h3 h6 13. Be3 Bf5 $10 {
Podgayets-Portisch, HUN-ch 1958}) 11... Qc7 $6 (11... Bg4 12. h3 $5 Bh5 13.
Bxc6 bxc6 14. Nbd4 $14 {Keres}) (11... f6 $5 12. Bh4 Qb6 13. Be2 Be6 14. Bg3
Ne5 15. Nfd4 Bd7 $10 {Gipslis-Korchnoi, Amsterdam 1976}) 12. c3 a6 (12... Bg4
13. h3 Bh5 14. Be2 h6 15. Bxe7 Nxe7 16. Nfd4 $14 {Karpov-Korchnoi (18), Moscow
cm 1974}) 13. Be2 Be6 14. Bxe7 (14. Bh4 Nf5) 14... Bxe7 15. Nfd4 Bd6 $1 16. g3
Rfe8 17. Bg4 $5 Bxg4 18. Qxg4 Ne5 19. Qe2 Qd7 20. Kg2 $1 Nc4 21. Qc2 b5 22.
Rad1 (22. Qf5 Qb7) 22... g6 23. Nf3 Rxe1 24. Rxe1 Rc8 25. Re2 b4 $1 26. Qd3
bxc3 27. bxc3 Bf8 28. Ne5 (28. Nbd4 {/\29.Re1}) 28... Qb7 29. Nd4 Nd6 30. Ndf3
Bg7 31. Re1 Re8 32. Rb1 Qa8 33. Nd7 (33. Rb6 $5) 33... Ne4 34. Nb6 (34. Rb6 $5)
34... Qa7 35. Qxd5 Nxc3 36. Qc6 Rd8 37. Re1 h6 38. Re8+ Rxe8 39. Qxe8+ Kh7 40.
Nc8 (40. Nd7 Ne4 $1) 40... Qa8 $10 41. Qd7 Qd5 42. Qxd5 Nxd5 43. Nd6 Kg8 44.
Nc4 Nc3 45. a3 Kf8 46. Ne1 Ke7 47. Nd3 Na4 48. Kf3 Ke6 49. Nb4 Nc5 1/2-1/2

[Event "Yerevan"]
[Site "Yerevan"]
[Date "1976.03.27"]
[Round "7"]
[White "Ostojic, Predrag"]
[Black "Vaganian, Rafael A"]
[Result "0-1"]
[WhiteElo "2495"]
[BlackElo "2550"]
[Annotator "ChessBase"]
[PlyCount "140"]
[EventDate "1976.03.19"]
[EventType "tourn"]
[EventRounds "15"]
[EventCountry "URS"]
[SourceTitle "EXT 1999"]
[Source "ChessBase"]
[SourceDate "1998.11.16"]
[SourceVersion "1"]
[SourceVersionDate "1998.11.16"]
[SourceQuality "1"]

1. e4 e6 2. d4 d5 3. Nd2 c5 4. Ngf3 Nc6 5. exd5 exd5 6. Bb5 Bd6 7. dxc5 Bxc5 8.
Nb3 Bd6 9. O-O Nge7 10. Bg5 O-O 11. Re1 Qc7 12. h3 h6 13. Bd2 Bd7 14. Bc3 Rfe8
15. a3 a6 16. Bf1 b5 17. Nbd4 Na5 18. Bb4 Nec6 19. Bxd6 Qxd6 20. Qd3 Nxd4 21.
Nxd4 Nc4 22. Qc3 Rxe1 23. Rxe1 a5 24. Nf3 Be6 25. Qd4 Rc8 26. Rd1 Qc7 27. Bd3
Kf8 28. Ra1 Qd6 29. a4 b4 30. Rd1 Qc5 31. b3 Qxd4 32. Nxd4 Nb2 33. Rd2 Nxd3 34.
Rxd3 Ke7 35. Kf1 Bd7 36. Ke2 Kd6 37. Kd2 Kc5 38. c3 Re8 (38... bxc3+ $1 39.
Kxc3 (39. Rxc3+ Kxd4) 39... Re8 40. Rf3 Re7) 39. Rg3 $2 (39. cxb4+ $142 axb4 (
39... Kxb4 40. Rc3 $16) 40. Ne2) 39... bxc3+ 40. Kxc3 Re4 41. Rd3 g5 42. f3 Re1
$15 43. Rd2 f5 44. Kd3 f4 45. Rc2+ Kd6 46. Nb5+ Ke5 47. Rd2 (47. Kd2) 47...
Bf5+ $17 48. Kc3 Re3+ {Sealed move} 49. Kb2 Bd3 50. Nc3 (50. Rd1 d4 51. Na3
Re2+ 52. Kc1 Ba6 53. Nb5 Bb7 54. Rd2 Rxd2 55. Kxd2 Bd5 $19) (50. b4 Bxb5 51.
axb5 a4 52. Ka2 Rb3 $17) 50... d4 $19 51. Nd1 Re2 52. Kc1 Rxd2 53. Kxd2 Bf1 54.
Nf2 Bxg2 55. Ke2 Kd5 56. h4 gxh4 57. Nd3 h3 58. Nxf4+ Kd6 59. Kf2 Bh1 60. Nxh3
Kc5 61. Kg3 Kb4 62. Nf2 Kxb3 63. Nxh1 Kxa4 64. f4 Kb5 65. f5 Kc6 66. Nf2 a4 67.
Nd3 a3 68. Kf4 Kd6 69. Nb4 h5 70. Kg3 d3 0-1

[Event "Olympiad-29"]
[Site "Novi Sad"]
[Date "1990.11.23"]
[Round "6"]
[White "Renet, Olivier"]
[Black "Uhlmann, Wolfgang"]
[Result "0-1"]
[WhiteElo "2495"]
[BlackElo "2505"]
[Annotator "ChessBase"]
[PlyCount "79"]
[EventDate "1990.11.17"]
[EventType "team-swiss"]
[EventRounds "14"]
[EventCountry "YUG"]
[SourceTitle "TD"]
[Source "ChessBase"]
[SourceDate "1994.03.01"]
[SourceVersion "1"]
[SourceVersionDate "1994.03.01"]
[SourceQuality "1"]
[WhiteTeam "France"]
[BlackTeam "German Dem Rep"]
[WhiteTeamCountry "FRA"]
[BlackTeamCountry "DDR"]

1. e4 e6 2. d4 d5 3. Nd2 c5 4. exd5 exd5 5. Ngf3 Nc6 6. Bb5 Bd6 7. dxc5 Bxc5 8.
O-O Nge7 9. Nb3 Bd6 10. Re1 O-O 11. Bd3 h6 12. h3 Nf5 13. c3 Qf6 14. Bc2 Be6
15. Qd3 Rfe8 $1 16. Bd2 (16. Nbd4 Ncxd4 17. Nxd4 Nxd4 18. Qh7+ Kf8 19. cxd4 g5
$1 20. Be3 Qg7 $10) (16. g4 $143 $6 Nh4 17. Qh7+ Kf8) 16... g6 17. Qb5 (17.
Rad1 Rac8 18. Bb1 a6 19. Bc1 Bf8 $1 {Timoshchenko-Vladimirov, Moskva 1990})
17... Nh4 18. Nxh4 Qxh4 19. Qf1 $6 (19. Qxb7 $142 Bxh3 $1 $40 20. Re3 (20. Qxc6
Bh2+ 21. Kh1 Bxg2+ 22. Kxg2 Qg4+ $10) 20... Bxg2 (20... Bg4 $5) 21. Kxg2 Qh2+
$10 {Ernst-Vaganian, Kobenhaven 1988}) 19... Ne5 $1 $15 {P 20... f3 21.gf3 h3}
20. Nd4 Nc4 21. Bc1 (21. Nxe6 $2 Nxd2 22. Qd3 Ne4) 21... Bd7 $1 {<->a1} 22. Rd1
(22. Nf3 Qh5 $140 (22... Qf6 $5) 23. Rxe8+ Rxe8 24. g4 $5 Bxg4 25. hxg4 Qxg4+
26. Qg2) 22... Bg4 $1 23. Rd3 (23. Re1 Rxe1 24. Qxe1 Bxh3 $1 25. gxh3 Qxh3 $19
26. Ne2 Re8 $1 27. Qd1 Rxe2 $1) (23. f3 Qg3 $1 24. fxg4 Qh2+ 25. Kf2 Bg3+ 26.
Kf3 Ne5+ 27. Ke2 Nxg4+ 28. Kf3 Bd6 $1 29. Ne2 Rxe2 $1 30. Kxe2 Re8+ 31. Kd2
Bf4+ 32. Kd3 Qg3+ 33. Kd4 Be3+ 34. Bxe3 (34. Kxd5 $143 Qc7 $1) 34... Qxe3+ 35.
Kxd5 Qe5+ 36. Kc4 Ne3+) 23... Re7 24. Rg3 $5 (24. b3 Rae8) 24... Bd7 (24...
Bxg3 $2 25. fxg3 Qxg3 26. Bf4 Qh4 27. hxg4) 25. Rd3 $8 Rae8 $17 26. Nf3 (26.
Rd1 Bg4 $19) 26... Qh5 27. Bb3 (27. g4 Bxg4 28. hxg4 Qxg4+ 29. Kh1 Qh5+ 30. Kg2
Re4 $19) (27. Bd2 $142 Nxd2 28. Nxd2 Bb5 $140 29. c4 $1) 27... Ne5 28. Nxe5
Qxe5 29. f4 Qe1 30. Rd1 (30. Rxd5 Qxf1+ 31. Kxf1 Re1+ 32. Kf2 R8e2+ 33. Kg3 Bc6
34. Rxd6 Rxg2+ 35. Kh4 Kg7 $1 36. Rd3 $8 Rxc1 $3 37. Rxc1 g5+ 38. fxg5 hxg5+
39. Kh5 Be4 40. Bxf7 Bxd3 $19) (30. Bd2 $143 Qxf1+ 31. Rxf1 Bc5+ 32. Kh2 Bb5)
30... Qg3 $1 $19 31. Bd2 Re2 32. Be1 (32. Qf3 Bc5+ 33. Kh1 Qxf3 34. gxf3 Bxh3
35. Bxd5 $2 Bg2+ $19) 32... Qe3+ 33. Bf2 (33. Kh1 Bc6 $1 34. Qf3 d4 $1 35. Qxe3
R8xe3 $19) 33... Qxf4 34. g3 Qf6 35. Bxa7 (35. Bxd5 Bxh3 $1 36. Qxh3 Qxf2+ 37.
Kh1 Bxg3 38. Rf1 Re1 $19) 35... Qg5 36. Qf3 Bxg3 37. Bxd5 Bf5 38. Bd4 Bf2+ 39.
Kh1 Bxd4 40. cxd4 {40... 8e3} 0-1

[Event "Altensteig"]
[Site "Altensteig"]
[Date "1989.??.??"]
[Round "?"]
[White "Luecke, Norbert"]
[Black "Lputian, Smbat G"]
[Result "0-1"]
[WhiteElo "2415"]
[BlackElo "2540"]
[Annotator "ChessBase"]
[PlyCount "48"]
[EventDate "1989.07.??"]
[EventType "tourn"]
[EventRounds "11"]
[EventCountry "GER"]
[EventCategory "10"]
[SourceTitle "CBM 014"]
[Source "ChessBase"]
[SourceDate "1990.02.01"]
[SourceVersion "1"]
[SourceVersionDate "1990.02.01"]
[SourceQuality "1"]

1. e4 e6 2. d4 d5 3. Nd2 c5 4. exd5 exd5 5. Bb5+ Nc6 6. Ngf3 Bd6 7. dxc5 Bxc5
8. O-O Nge7 9. Nb3 Bd6 10. Re1 O-O 11. Bd2 {11.Bd3} a6 12. Bd3 (12. Bf1 Bc7 13.
Bc3 Qd6 14. g3 Bg4 $13) 12... Ng6 13. Bc3 (13. Bxg6 hxg6 14. Bc3 Bf5 15. Nbd4
Be4 16. Nd2 Re8 17. Nxc6 bxc6 18. Nxe4 dxe4 19. Qd4 Be5 $10) 13... Nf4 14. Nbd4
{14.g3} Nxd4 15. Bxd4 (15. Nxd4 Qg5 (15... Nxg2 $2 16. Kxg2 Qh4 17. f4 $16) 16.
g3 Bg4 17. Qd2 Nh3+ 18. Kf1 Qh5 $13) 15... Bg4 16. Bf1 Re8 17. Re3 Re4 18. c4
$2 (18. Rxe4 $1 dxe4 19. Be5 Bxe5 20. Qxd8+ Rxd8 21. Nxe5 $13) 18... Ne6 $1 $19
19. Bc3 Rxe3 20. fxe3 dxc4 21. Bxc4 Bxh2+ 22. Kxh2 Qc7+ 23. Kg1 Qxc4 24. Ne5
Qxc3 0-1

[Event "Montreal International"]
[Site "Montreal"]
[Date "1979.04.24"]
[Round "10"]
[White "Hort, Vlastimil"]
[Black "Portisch, Lajos"]
[Result "1/2-1/2"]
[WhiteElo "2600"]
[BlackElo "2640"]
[Annotator "ChessBase"]
[PlyCount "96"]
[EventDate "1979.04.11"]
[EventType "tourn"]
[EventRounds "18"]
[EventCountry "CAN"]
[EventCategory "15"]
[SourceTitle "MCL"]
[Source "ChessBase"]
[SourceDate "1999.07.01"]
[SourceVersion "1"]
[SourceVersionDate "1999.07.01"]
[SourceQuality "1"]

1. e4 e6 2. d4 d5 3. Nd2 c5 4. Ngf3 Nc6 5. exd5 exd5 6. Bb5 Bd6 7. dxc5 Bxc5 8.
O-O Nge7 9. Nb3 Bd6 10. Bg5 O-O 11. Re1 Qc7 12. c3 a6 13. Bd3 (13. Be2 Be6 $6 (
13... Bf5) (13... f6) 14. Bxe7 Bxe7 15. Nfd4 Bd6 16. g3 Rfe8 17. Bg4 $14 {
Balashov,Y-Portisch,L/Bugojno/1978/}) 13... Bg4 14. h3 (14. Bxe7 Bxe7 15. h3
Bxf3 16. Qxf3 Rad8 17. Re2 {Van der Wiel,J-Portisch,L/Reggio/1986/1/2-1/2/})
14... Bh5 15. Be2 Rfe8 16. Bxe7 Nxe7 17. Nfd4 Bg6 18. Bd3 Nc6 19. Bxg6 Rxe1+
20. Qxe1 hxg6 21. Nf3 Rd8 22. Rd1 Ne5 23. Nxe5 Bxe5 24. Rd3 Bf6 25. Qd1 Qc4 26.
g3 g5 {><f4: Nf4.} 27. a3 Qb5 28. Rd2 g6 29. Nc1 Kg7 30. Ne2 Re8 31. Kg2 a5 32.
Ng1 (32. a4 $5) 32... Rd8 33. Nf3 Rd6 34. Nh2 (34. a4 $5) 34... Qc6 35. Nf3 b5
36. Nd4 Qb7 (36... Qc4 $2 37. b3 Qxc3 38. Nxb5) 37. b4 $1 {><b5} axb4 38. axb4
Rd8 39. Qe2 Rb8 40. Qd3 Qb6 41. Qf3 Rd8 42. Rd3 Rd6 43. Kh2 Rd8 44. Qe3 Rb8 45.
Qf3 Rd8 46. Kg1 Qb7 47. Kg2 Qb6 48. Nc2 Qc7 1/2-1/2

[Event "Niksic International"]
[Site "Niksic"]
[Date "1978.06.??"]
[Round "7"]
[White "Ivanovic, Bozidar"]
[Black "Portisch, Lajos"]
[Result "0-1"]
[WhiteElo "2460"]
[BlackElo "2630"]
[Annotator "Dolmatov,S"]
[PlyCount "102"]
[EventDate "1978.06.??"]
[EventType "tourn"]
[EventRounds "11"]
[EventCountry "YUG"]
[EventCategory "13"]
[SourceTitle "MCL"]
[Source "ChessBase"]
[SourceDate "1999.07.01"]
[SourceVersion "1"]
[SourceVersionDate "1999.07.01"]
[SourceQuality "1"]

1. e4 e6 2. d4 d5 3. Nd2 c5 4. Ngf3 Nc6 5. exd5 exd5 6. Bb5 Bd6 7. O-O (7. dxc5
Bxc5 8. O-O) 7... cxd4 8. Nb3 Nge7 9. Nbxd4 $6 (9. Nfxd4 O-O 10. Bg5 Bc7 11.
Bh4 $14) 9... O-O 10. c3 Bg4 11. Qa4 Qd7 12. Be3 Rfe8 13. Rfe1 Bh5 14. Be2 Rad8
15. Qc2 Bg6 16. Bd3 Rc8 $10 17. Bxg6 hxg6 18. Rad1 Na5 19. Qd3 Nc4 20. Bc1 Red8
21. Kh1 $6 Nc6 22. Nxc6 bxc6 23. b3 Nb6 24. c4 $6 (24. a4 $5) 24... dxc4 25.
bxc4 Bc5 26. Qb3 Qc7 27. Ng5 Rxd1 (27... Bxf2 $2 28. Qh3 $16) 28. Rxd1 Rd8 29.
Ne4 Be7 30. c5 $2 (30. Rxd8+ Qxd8 31. Be3 $2 Nxc4 $19) 30... Nd5 31. h3 Rb8 32.
Qc2 Qe5 $17 33. f3 Rb5 34. a4 Rb7 35. Nf2 $2 (35. Kg1) 35... Qc3 36. Qe2 Qxc5
37. Ne4 Qb4 38. Bg5 Qxa4 39. Bxe7 Rxe7 40. Qd2 Qb3 41. Rc1 Rc7 42. Qg5 Qb4 43.
Rc5 Qb8 44. Rc2 a5 45. Rb2 Qa8 46. h4 Re7 47. h5 gxh5 48. g4 Rb7 49. Re2 Rb1+
50. Kg2 Qb8 51. Nd6 Qxd6 0-1